00413nam a22001097a 4500008004100000082001500041100002300056110002300079245015600102260003600258300000900294230629b xxu||||| |||| 00| 0 eng d a333.7bMOE cMinistry of Energy bMinistry of Energy aReport of the Technical and Financial Audit Commitee on the Kenya Power & Lighting Company Limited and The Kenya Electricity Generating Company Limited bMinistry of Energyc24 Oct 2003 a160p